Oil-based ink for waxy substrates Luận văn tốt nghiệp đại học

Na minha lista:
Detalhes bibliográficos
Autor principal: Nguyễn, Hoàng Anh
Autores corporativos: Trường Đại học Trà Vinh, Khoa Hóa học ứng dụng
Outros Autores: Nguyễn Hoàng Anh; Trần Minh Tưởng; Bùi Thị Thanh Huyền
Idioma:Undetermined
English
Publicado em: Trà Vinh Trường Đại học Trà Vinh 2012
Tags: Adicionar Tag
Sem tags, seja o primeiro a adicionar uma tag!
Thư viện lưu trữ: Trung tâm Học liệu Trường Đại học Trà Vinh
LEADER 00843nam a2200265Ia 4500
001 TVU_18621
008 210423s9999 xx 000 0 und d
041 |a eng 
082 |a 667 
082 |b A107 
100 |a Nguyễn, Hoàng Anh 
245 0 |a Oil-based ink for waxy substrates 
245 0 |b Luận văn tốt nghiệp đại học 
245 0 |c Nguyễn Hoàng Anh ; Trần Minh Tưởng, Bùi Thị Thanh Huyền (CBHD) 
260 |a Trà Vinh 
260 |b Trường Đại học Trà Vinh 
260 |c 2012 
300 |a 99 tr. 
300 |b minh họa 
300 |c 30 cm 
700 |a Nguyễn Hoàng Anh; Trần Minh Tưởng; Bùi Thị Thanh Huyền  
700 |e CBHD,CBHD 
710 |a Trường Đại học Trà Vinh 
710 |b Khoa Hóa học ứng dụng 
980 |a Trung tâm Học liệu Trường Đại học Trà Vinh